ASM handbook. Volume 4, Heat treating (Record no. 61027)
[ view plain ]
| 000 -LEADER | |
|---|---|
| fixed length control field | 00678nam a22001937a 4500 |
| 003 - CONTROL NUMBER IDENTIFIER | |
| control field | NUST-PNEC |
| 005 - DATE AND TIME OF LATEST TRANSACTION | |
| control field | 20170116180712.0 |
| 008 - FIXED-LENGTH DATA ELEMENTS--GENERAL INFORMATION | |
| fixed length control field | 141015b xxu||||| |||| 00| 0 eng d |
| 020 ## - INTERNATIONAL STANDARD BOOK NUMBER | |
| International Standard Book Number | 0871703793 |
| 040 ## - CATALOGING SOURCE | |
| Transcribing agency | PNEC |
| 082 ## - DEWEY DECIMAL CLASSIFICATION NUMBER | |
| Classification number | 621.4022 ASM |
| 100 ## - MAIN ENTRY--PERSONAL NAME | |
| 9 (RLIN) | 596 |
| Personal name | ASM International |
| 245 ## - TITLE STATEMENT | |
| Title | ASM handbook. Volume 4, Heat treating |
| Remainder of title | ASM International. Handbook Committee |
| 260 ## - PUBLICATION, DISTRIBUTION, ETC. | |
| Place of publication, distribution, etc. | Materials Park, OH : |
| Name of publisher, distributor, etc. | ASM International, |
| Date of publication, distribution, etc. | ©1991. |
| 300 ## - PHYSICAL DESCRIPTION | |
| Extent | xiii, 1012 p. : |
| Other physical details | ill. : |
| Dimensions | 28 cm. |
| 500 ## - GENERAL NOTE | |
| General note | http://www.amazon.com/ASM-Handbook-Heat-Treating-Asm/dp/0871703793/ref=sr_1_1?s=books&ie=UTF8&qid=1413355365&sr=1-1&keywords=0871703793 |
| 650 ## - SUBJECT ADDED ENTRY--TOPICAL TERM | |
| General subdivision | ME |
| 942 ## - ADDED ENTRY ELEMENTS (KOHA) | |
| Source of classification or shelving scheme | |
| Koha item type | Book |
| Withdrawn status | Lost status | Source of classification or shelving scheme | Damaged status | Not for loan | Permanent Location | Current Location | Shelving location | Date acquired | Source of acquisition | Cost, normal purchase price | Total Checkouts | Full call number | Barcode | Date last seen | Cost, replacement price | Price effective from | Koha item type |
|---|---|---|---|---|---|---|---|---|---|---|---|---|---|---|---|---|---|
| Pakistan Navy Engineering College (PNEC) | Pakistan Navy Engineering College (PNEC) | Reference | 10/19/1992 | Progressive International Agency | 300.00 | 621.4022 ASM | PNECLIB-016785 | 10/15/2014 | 300.00 | 10/19/1992 | Book |
